El Tratado de Libre Comercio con Estados Unidos : (Registro nro. 3831)

Detalles MARC
000 -LEADER
fixed length control field 01566nam a2200253Ia 4500
003 - CONTROL NUMBER IDENTIFIER
control field OSt
005 - DATE AND TIME OF LATEST TRANSACTION
control field 20210114110005.0
008 - FIXED-LENGTH DATA ELEMENTS--GENERAL INFORMATION
fixed length control field 191128s2004 ck fr 000 0dspa d
020 ## - INTERNATIONAL STANDARD BOOK NUMBER
International Standard Book Number 9586881024
040 ## - CATALOGING SOURCE
Original cataloging agency CO-JMCR
Transcribing agency CO-JMCR
041 0# - LANGUAGE CODE
Language code of text/sound track or separate title spa
082 04 - DEWEY DECIMAL CLASSIFICATION NUMBER
Classification number 346.86 /
Item number T164t1
Edition number 23
100 1# - MAIN ENTRY--PERSONAL NAME
Personal name Tangarife Torres, Marcel,
Relator term autora
9 (RLIN) 9075
245 13 - TITLE STATEMENT
Title El Tratado de Libre Comercio con Estados Unidos :
Remainder of title fundamentos jurídicos para la negociación /
Statement of responsibility, etc. Marcel Tangarife Torres
250 ## - EDITION STATEMENT
Edition statement Segunda edición
260 ## - PUBLICATION, DISTRIBUTION, ETC.
Place of publication, distribution, etc. Bogotá :
Name of publisher, distributor, etc. Cámara de Comercio de Bogotá,
Date of publication, distribution, etc. 2004
300 ## - PHYSICAL DESCRIPTION
Extent 484 páginas ;
Dimensions 23 cm.
505 0# - FORMATTED CONTENTS NOTE
Formatted contents note Antecedentes del Tratado de Libre Comercio -- Fundamentos constitucionales para la negociación del Tratado de Libre Comercio con Estados Unidos -- Competencias de las ramas del Estado dentro del proceso de negociación del Tratado de Libre Comercio -- Principales características de los Tratados de Libre Comercio y de Integración económica -- Objetivos de tratado de Libre Comercio -- Coexistencia de las ramas del Tratado de Libre Comercio con otros tratados suscritos por Colombia y en especial con las normas de la Comunidad Andina -- Posibles capítulos del Tratado de Libre Comercio y su incidencia en el ordenamiento jurídico Colombiano
650 14 - SUBJECT ADDED ENTRY--TOPICAL TERM
Topical term or geographic name entry element Tratado de libre comercio
General subdivision aspectos jurídicos
Geographic subdivision Colombia
9 (RLIN) 9076
650 14 - SUBJECT ADDED ENTRY--TOPICAL TERM
Topical term or geographic name entry element Aspectos jurídicos
Geographic subdivision Colombia
9 (RLIN) 9077
650 14 - SUBJECT ADDED ENTRY--TOPICAL TERM
Topical term or geographic name entry element Sociedades comerciales
General subdivision aspectos jurídicos
Geographic subdivision Colombia
9 (RLIN) 9078
651 #4 - SUBJECT ADDED ENTRY--GEOGRAPHIC NAME
Geographic name Estados Unidos
General subdivision tratados comerciales
9 (RLIN) 9079
942 ## - ADDED ENTRY ELEMENTS (KOHA)
Source of classification or shelving scheme Dewey Decimal Classification
Koha item type Books
Existencias
Withdrawn status Lost status Source of classification or shelving scheme Damaged status Not for loan Collection code Home library Current library Date acquired Source of acquisition Total Checkouts Full call number Barcode Date last seen Date last checked out Copy number Koha item type
    Dewey Decimal Classification     Non-fiction Biblioteca Pública José María del Castillo y Rada Biblioteca Pública José María del Castillo y Rada 07/22/2018 Donación 2 346.86 / T164t1 201808923 11/06/2024 11/05/2024 Ej.1 Books